[Event "27.Bayer.Senioren-EM2015"]
[Site "?"]
[Date "2015.06.15"]
[Round "1.1"]
[White "Willin, Bernhard"]
[Black "Roeder, Frank"]
[Result "0-1"]
[WhiteElo "1691"]
[BlackElo "2184"]
[PlyCount "66"]
[EventDate "2015.??.??"]
[WhiteTeam "SC Horben"]
[BlackTeam "SV Altensittenbach"]

1. c4 c6 2. g3 d5 3. Bg2 Nf6 4. Nf3 Bf5 5. O-O Nbd7 6. b3 e5 7. Bb2 Bd6 8. d3
Qe7 9. Nbd2 O-O 10. Qc2 h6 11. Rad1 e4 12. dxe4 dxe4 13. Nd4 Bg6 14. e3 a5 15.
Ne2 Nc5 16. Nf4 Bxf4 17. gxf4 Bh5 18. Ra1 Be2 19. Rfe1 Bd3 20. Qc3 Ne8 21. a4
f5 22. Ba3 Nc7 23. Nf1 N7e6 24. Ng3 Qf6 25. Rac1 Qxc3 26. Rxc3 g6 27. Bf1 Bxf1
28. Kxf1 Rfd8 29. Ke2 Rd3 30. Rec1 Nxb3 31. Rxd3 exd3+ 32. Kxd3 Nxc1+ 33. Bxc1
Nc5+ 0-1

[Event "27.Bayer.Senioren-EM2015"]
[Site "?"]
[Date "2015.06.15"]
[Round "1.2"]
[White "Schmidt, Gerhard"]
[Black "Babichev, Vyacheslav"]
[Result "1-0"]
[WhiteElo "2131"]
[BlackElo "1683"]
[PlyCount "119"]
[EventDate "2015.??.??"]
[WhiteTeam "SC Unterhaching"]
[BlackTeam "SW Nürnberg Süd"]

1. d4 e6 2. Nf3 Nf6 3. c4 Be7 4. Nc3 d6 5. e4 O-O 6. Bd3 Ne8 7. O-O Nd7 8. Bf4
c5 9. dxc5 Nxc5 10. Bc2 e5 11. Be3 Bg4 12. h3 Bh5 13. g4 Bg6 14. Bxc5 dxc5 15.
Qxd8 Rxd8 16. Nxe5 Bf6 17. f4 Bxe5 18. fxe5 Rd2 19. Rf2 Rd4 20. Re1 Nc7 21. Nd5
Ne6 22. h4 h5 23. Ne7+ Kh7 24. gxh5 Bxh5 25. Nf5 Rdd8 26. Nd6 Rd7 27. Ba4 Re7
28. Nf5 Rc7 29. Bd1 Bxd1 30. Rxd1 g6 31. Ne3 Kg7 32. Kg2 Rh8 33. Kg3 Rh5 34.
Rd5 b6 35. Ng4 Rh8 36. Nf6 Re7 37. Ng4 Rb8 38. Ne3 Nc7 39. Rd6 Rbe8 40. Ng4 Ne6
41. Nf6 Rb8 42. h5 Nf8 43. h6+ Kxh6 44. Ng8+ Kg7 45. Nxe7 Rb7 46. Nd5 Nh7 47.
Kg4 Nf8 48. Nf6 Re7 49. Kf4 Ne6+ 50. Rxe6 Rxe6 51. Rh2 Re7 52. Rh7+ Kf8 53. Nd5
Re6 54. Rh8+ Kg7 55. Ra8 a5 56. Rb8 Kh6 57. Rxb6 Re8 58. b3 Kh5 59. Nf6+ Kh4
60. Nxe8 1-0

[Event "27.Bayer.Senioren-EM2015"]
[Site "?"]
[Date "2015.06.15"]
[Round "1.3"]
[White "Boldt, Heinrich"]
[Black "Wolf, Walter"]
[Result "0-1"]
[WhiteElo "1682"]
[BlackElo "2084"]
[PlyCount "100"]
[EventDate "2015.??.??"]
[WhiteTeam "TSV Kareth-Lappersdorf"]
[BlackTeam "Stuttgarter SF"]

1. d4 g6 2. Nf3 Bg7 3. Bf4 d6 4. e3 f5 5. Be2 Nf6 6. Nbd2 O-O 7. c3 Qe8 8. Qb3+
Kh8 9. h3 Nbd7 10. Ng5 e5 11. Bh2 Nb6 12. Nc4 h6 13. Nxb6 axb6 14. dxe5 dxe5
15. Nf3 Ne4 16. O-O Bd7 17. Rfd1 Ba4 18. Qd5 c6 19. Qd7 Bxd1 20. Rxd1 Rf7 21.
Qxe8+ Rxe8 22. Bc4 Rfe7 23. Nh4 Kh7 24. f3 Nf6 25. g4 fxg4 26. hxg4 e4 27. Rd6
g5 28. Nf5 Rd7 29. fxe4 Rxe4 30. Rxd7 Nxd7 31. Bd3 Rxg4+ 32. Ng3+ Kh8 33. Bf5
Nf6 34. Bxg4 Nxg4 35. Nf5 Nxh2 36. Kxh2 Kh7 37. Kh3 h5 38. Nd6 Kg6 39. Nxb7 g4+
40. Kg2 h4 41. Nd6 h3+ 42. Kh1 g3 43. Ne4 Be5 44. a4 Kf5 45. Nd2 Kg4 46. Kg1
Bf6 47. Ne4 Bg7 48. b4 Bh6 49. Nf6+ Kf3 50. Nh5 Bxe3+ 0-1

[Event "27.Bayer.Senioren-EM2015"]
[Site "?"]
[Date "2015.06.15"]
[Round "1.4"]
[White "Goy, Udo"]
[Black "Baumgartner, Andreas"]
[Result "1-0"]
[WhiteElo "2084"]
[BlackElo "1677"]
[PlyCount "65"]
[EventDate "2015.??.??"]
[WhiteTeam "Ford SF Köln"]
[BlackTeam "ASV J'Adoube Grassau"]

1. d4 Nf6 2. Nf3 e6 3. g3 d5 4. Bg2 c5 5. O-O Nc6 6. c4 dxc4 7. Qa4 Bd7 8. dxc5
Bxc5 9. Qxc4 Bd6 10. Rd1 Qc7 11. Nc3 a6 12. Bg5 Rc8 13. Qd3 Be7 14. Rac1 O-O
15. Bxf6 Bxf6 16. Qxd7 Qb6 17. Qd2 Rfd8 18. Qc2 Na5 19. Rxd8+ Rxd8 20. Ne4 Qxb2
21. Nxf6+ Qxf6 22. Qc7 Nc6 23. Qxb7 Nd4 24. Nxd4 Qxd4 25. Qxa6 g6 26. Bf3 Qb2
27. Rc8 Rxc8 28. Qxc8+ Kg7 29. Qc4 h5 30. e3 Qa3 31. Kg2 Kh6 32. Qb3 Qc1 33. a4
1-0

[Event "27.Bayer.Senioren-EM2015"]
[Site "?"]
[Date "2015.06.15"]
[Round "1.5"]
[White "Kolkwitz, Klaus"]
[Black "Urytskyy, Arkadiy"]
[Result "0-1"]
[WhiteElo "1670"]
[BlackElo "2078"]
[PlyCount "114"]
[EventDate "2015.??.??"]
[WhiteTeam "ESV Eberswalde"]
[BlackTeam "TSV Bindlach"]

1. d4 Nf6 2. Bf4 g6 3. e3 Bg7 4. Nd2 O-O 5. Be2 d6 6. Ngf3 Nbd7 7. h3 c5 8. c3
Re8 9. O-O e5 10. Bg5 h6 11. Bh4 e4 12. Nh2 d5 13. Ng4 c4 14. f3 g5 15. Nxf6+
Nxf6 16. Bf2 Bf5 17. fxe4 Nxe4 18. Nxe4 Bxe4 19. Bf3 Re6 20. Bxe4 Rxe4 21. Qf3
Qe7 22. b3 Rc8 23. Qf5 Qe6 24. Qxe6 Rxe6 25. b4 h5 26. Rae1 Rce8 27. Re2 Bh6
28. Rfe1 g4 29. hxg4 hxg4 30. Kf1 Kh7 31. e4 Rxe4 32. Rxe4 Rxe4 33. Rxe4 dxe4
34. d5 f5 35. Bxa7 Kg8 36. a4 Kf7 37. Bc5 Bd2 38. Bd4 Ke7 39. a5 Kd6 40. b5
Kxd5 41. a6 bxa6 42. bxa6 Kc6 43. a7 Kb7 44. Ke2 Bg5 45. g3 Be7 46. Ke3 Bd6 47.
Kf2 Ba3 48. Ke2 Bc1 49. Kd1 Bh6 50. Ke2 Bg5 51. Kf2 f4 52. gxf4 Bxf4 53. Ke2 g3
54. Bg1 Be5 55. Ke3 Bxc3 56. Kxe4 Be1 57. Ke3 c3 0-1

[Event "27.Bayer.Senioren-EM2015"]
[Site "?"]
[Date "2015.06.15"]
[Round "1.6"]
[White "Jergler, Karl-Heinz"]
[Black "Walch, Roger"]
[Result "1-0"]
[WhiteElo "2076"]
[BlackElo "1666"]
[PlyCount "69"]
[EventDate "2015.??.??"]
[WhiteTeam "SC Waldkraiburg"]
[BlackTeam "SW Nürnberg Süd"]

1. e4 e6 2. d4 d5 3. Nc3 Nf6 4. Bg5 Bb4 5. e5 h6 6. Bd2 Bxc3 7. bxc3 Ne4 8. Qg4
g6 9. h4 Nxd2 10. Kxd2 Bd7 11. Bd3 Qe7 12. Nf3 Nc6 13. Qf4 O-O-O 14. a4 Na5 15.
Rhb1 Rdg8 16. Rh1 Kb8 17. g4 Rc8 18. g5 h5 19. Qf6 Qf8 20. Rhb1 Ka8 21. Kd1 Nc4
22. Bxc4 dxc4 23. Nd2 c5 24. Nxc4 Bc6 25. Nd6 Rc7 26. a5 cxd4 27. cxd4 Rg8 28.
c4 Qd8 29. Qxd8+ Rxd8 30. Kd2 Bf3 31. Rb3 Bg2 32. Rg3 Rxd6 33. exd6 Rxc4 34.
Rxg2 Rxd4+ 35. Ke2 1-0

[Event "27.Bayer.Senioren-EM2015"]
[Site "?"]
[Date "2015.06.15"]
[Round "1.7"]
[White "Harke, Horst"]
[Black "Trescher, Manfred"]
[Result "0-1"]
[WhiteElo "1664"]
[BlackElo "2062"]
[PlyCount "110"]
[EventDate "2015.??.??"]
[WhiteTeam "SK Varel"]
[BlackTeam "Stiftung BSW - SG München"]

1. d4 d5 2. c4 e6 3. Nf3 c6 4. e3 Nf6 5. Nc3 Nbd7 6. Be2 dxc4 7. Bxc4 b5 8. Be2
a6 9. O-O Bb7 10. b3 Qc7 11. Bb2 c5 12. dxc5 Bxc5 13. Rc1 Qb6 14. Nb1 Rd8 15.
Bd4 O-O 16. Qe1 Bxd4 17. Nxd4 e5 18. Nf5 Qe6 19. Ng3 e4 20. Qb4 Ne5 21. Rfd1
Nd3 22. Bxd3 exd3 23. Qd2 Rfe8 24. Nc3 b4 25. Na4 Ne4 26. Nxe4 Qxe4 27. f3
Qxe3+ 28. Qxe3 Rxe3 29. Nc5 d2 30. Ra1 Bc8 31. Kf2 Rc3 32. Ne4 Bf5 33. Rxd2
Rxd2+ 34. Nxd2 f6 35. a3 bxa3 36. Rxa3 Bd3 37. Ne4 Rc2+ 38. Ke3 Bb5 39. Nd6
Rxg2 40. Nxb5 axb5 41. Ra5 Rg5 42. f4 Rh5 43. Ke4 g6 44. h4 Kg7 45. Ra7+ Kh6
46. Rb7 Rxh4 47. Rxb5 g5 48. b4 Rxf4+ 49. Ke3 Kg6 50. Rb8 h5 51. b5 Rb4 52. b6
Kf5 53. b7 h4 54. Kf3 Rb3+ 55. Kg2 Kg4 0-1

[Event "27.Bayer.Senioren-EM2015"]
[Site "?"]
[Date "2015.06.15"]
[Round "1.8"]
[White "Daeubler, Heinrich"]
[Black "Mahrla, Hans"]
[Result "1-0"]
[WhiteElo "2058"]
[BlackElo "1647"]
[PlyCount "87"]
[EventDate "2015.??.??"]
[WhiteTeam "SC Haselmühl"]
[BlackTeam "SC Eichenau"]

1. d4 Nf6 2. c4 e6 3. Nf3 d5 4. Nc3 dxc4 5. g3 b6 6. Bg2 Bb7 7. O-O Nbd7 8. Qa4
Be7 9. Rd1 O-O 10. Qxc4 Qc8 11. Bg5 Re8 12. Rac1 c5 13. Qb3 c4 14. Qc2 h6 15.
Bxf6 Nxf6 16. e4 a6 17. Ne5 Qc7 18. b3 Ba3 19. Rb1 cxb3 20. Qxb3 Bd6 21. Nc4
Be7 22. Nxb6 Rab8 23. a4 Red8 24. a5 Bf8 25. h3 Ne8 26. Nca4 Nf6 27. Rbc1 Qe7
28. Nc5 Bc8 29. Qc4 Qa7 30. e5 Nd5 31. Nxd5 exd5 32. Bxd5 Bxc5 33. Qxc5 Qxc5
34. Rxc5 Bxh3 35. Bc4 Bg4 36. Rc1 Rxd4 37. Bxa6 Rbd8 38. Bb7 Rd1+ 39. Kg2 Rxc1
40. Rxc1 Be6 41. a6 Bd5+ 42. Bxd5 Rxd5 43. a7 Rd8 44. Rb1 1-0

[Event "27.Bayer.Senioren-EM2015"]
[Site "?"]
[Date "2015.06.15"]
[Round "1.9"]
[White "Hermann, Josef"]
[Black "Roeder, Gerd"]
[Result "0-1"]
[WhiteElo "1645"]
[BlackElo "2047"]
[PlyCount "104"]
[EventDate "2015.??.??"]
[WhiteTeam "TSV Trostberg"]
[BlackTeam "SV Altensittenbach"]

1. c4 c6 2. Nf3 d5 3. e3 Nf6 4. Nc3 Bg4 5. Qb3 Qb6 6. Ne5 e6 7. Nxg4 Nxg4 8. d4
Nd7 9. Be2 Ngf6 10. c5 Qc7 11. Qc2 Be7 12. O-O O-O 13. a4 a5 14. Rb1 b6 15.
cxb6 Qxb6 16. Bf3 Rab8 17. Ne2 Rfe8 18. Bd2 c5 19. Bc3 cxd4 20. exd4 Qb3 21.
Qxb3 Rxb3 22. Bxa5 Ra8 23. Bc3 Rxa4 24. Ra1 Nb6 25. Rxa4 Nxa4 26. Nc1 Rb8 27.
Nd3 g5 28. h3 Bd6 29. Re1 h5 30. g4 hxg4 31. hxg4 Nd7 32. Bd2 Rb3 33. Be2 Nxb2
34. Nxb2 Rxb2 35. Bxg5 Bb4 36. Kf1 Bxe1 37. Kxe1 Nb8 38. Bd2 Nc6 39. Bc3 Rc2
40. Bd2 Nxd4 41. Bd1 Ra2 42. Bc3 Nc6 43. Bf6 Nb4 44. Be2 d4 45. Bc4 Rc2 46. Bb3
Nd3+ 47. Kd1 Rxf2 48. Bxd4 Rf4 49. Be3 Rxg4 50. Kd2 Ne5 51. Bd1 Nc4+ 52. Ke2
Re4 0-1

[Event "27.Bayer.Senioren-EM2015"]
[Site "?"]
[Date "2015.06.15"]
[Round "1.10"]
[White "Fischer, Gerd"]
[Black "Klimpel, Siegfried"]
[Result "1-0"]
[WhiteElo "2011"]
[BlackElo "1645"]
[PlyCount "93"]
[EventDate "2015.??.??"]
[WhiteTeam "FC Gunzenhausen"]
[BlackTeam "TSV Kareth-Lappersdorf"]

1. Nf3 d6 2. d4 c6 3. e4 Qc7 4. Nc3 Bg4 5. h3 Bh5 6. Be2 Nd7 7. Be3 Ngf6 8. Nd2
Bxe2 9. Qxe2 a6 10. O-O e5 11. f4 Be7 12. Rad1 O-O 13. g4 h6 14. g5 hxg5 15.
fxg5 Nh7 16. Qg4 exd4 17. Bxd4 Ne5 18. Qg3 Rae8 19. h4 Qc8 20. Nf3 Nxf3+ 21.
Rxf3 f5 22. g6 Nf6 23. Rxf5 Qe6 24. Qf3 Nxe4 25. Qh5 Nf6 26. Rxf6 Rxf6 27. Bxf6
Bxf6 28. Rf1 d5 29. Rf2 Qd6 30. Qh7+ Kf8 31. Qh8+ Ke7 32. Re2+ Be5 33. Qxg7+
Kd8 34. Qf7 Re7 35. Qf8+ Kc7 36. h5 b5 37. Qf2 Kb7 38. Qh4 b4 39. Nd1 c5 40. c3
Qe6 41. Ne3 Re8 42. Ng4 Bd4+ 43. cxd4 Qxe2 44. dxc5 Re4 45. c6+ Kc7 46. Qg3+
Kxc6 47. Nf2 1-0

[Event "27.Bayer.Senioren-EM2015"]
[Site "?"]
[Date "2015.06.15"]
[Round "1.11"]
[White "Schoenfelder, Heinrich"]
[Black "Selig, Rainer"]
[Result "1/2-1/2"]
[WhiteElo "1643"]
[BlackElo "2007"]
[PlyCount "147"]
[EventDate "2015.??.??"]
[WhiteTeam "SC Tarrasch München"]
[BlackTeam "SpV Ebersbach/SA"]

1. d4 d6 2. e4 g6 3. Nf3 Bg7 4. Bd3 c5 5. c3 Qb6 6. dxc5 Qxc5 7. Be3 Qc7 8. O-O
Nc6 9. Nbd2 Nf6 10. h3 O-O 11. Nb3 a6 12. Nbd4 Nd7 13. Nxc6 bxc6 14. Qd2 Re8
15. Bh6 Nc5 16. Bxg7 Kxg7 17. Bc2 Be6 18. Ng5 Bd7 19. b4 Ne6 20. Bb3 Nxg5 21.
Qxg5 f6 22. Qg3 a5 23. a3 Qc8 24. Qd3 Ra7 25. Qc4 Rf8 26. Qd4 Qc7 27. Rfd1 Rb7
28. Bc4 Be8 29. Be6 Bf7 30. Bxf7 Rxf7 31. Qc4 Rf8 32. Qe6 Rfb8 33. h4 Rb5 34.
Qc4 Qd7 35. Kh2 Re5 36. f3 Qc7 37. Rd5 Rh5 38. g3 Rb5 39. Rxb5 Rxb5 40. Rd1 Qb6
41. Qd4 c5 42. Qg1 cxb4 43. Qxb6 Rxb6 44. cxb4 axb4 45. Rb1 b3 46. Kg2 b2 47.
a4 Kf7 48. a5 Ra6 49. Rxb2 Rxa5 50. Kf2 Ra3 51. Rc2 Ke6 52. f4 f5 53. Re2 fxe4
54. Rxe4+ Kf6 55. Rd4 Kf5 56. Rd5+ Ke4 57. Rb5 Ra2+ 58. Kg1 Kf3 59. Rb3+ Kg4
60. Re3 Ra7 61. Kg2 h5 62. Rd3 Ra2+ 63. Kf1 Ra5 64. Kg2 Ra6 65. Re3 Ra2+ 66.
Kf1 Kf5 67. Rxe7 Rd2 68. Re3 Ra2 69. Rd3 Ke6 70. Re3+ Kd5 71. Rd3+ Kc5 72. Rc3+
Kd4 73. Rc6 Kd5 74. Rc3 1/2-1/2

[Event "27.Bayer.Senioren-EM2015"]
[Site "?"]
[Date "2015.06.15"]
[Round "1.12"]
[White "Blodig, Reinhard"]
[Black "Oser, Thor"]
[Result "1-0"]
[WhiteElo "1999"]
[BlackElo "1638"]
[PlyCount "63"]
[EventDate "2015.??.??"]
[WhiteTeam "TV Riedenburg"]
[BlackTeam "SK Jöhlingen"]

1. g3 g6 2. Bg2 Bg7 3. e4 c6 4. Nc3 b6 5. Nge2 Bb7 6. d4 d6 7. O-O e6 8. Be3
Nd7 9. h3 Ne7 10. Qd2 O-O 11. Bh6 Qc7 12. Rfd1 Rad8 13. a4 a5 14. Ra3 Rfe8 15.
Bxg7 Kxg7 16. g4 e5 17. Ng3 f6 18. Nce2 Nf8 19. f4 Ne6 20. f5 Ng5 21. h4 Nf7
22. g5 Ng8 23. Rf1 Ba6 24. fxg6 hxg6 25. gxf6+ Kf8 26. d5 c5 27. h5 g5 28. Bh3
Bc8 29. Nf5 Bxf5 30. Bxf5 Nxf6 31. Bg6 Qd7 32. Rxf6 1-0

[Event "27.Bayer.Senioren-EM2015"]
[Site "?"]
[Date "2015.06.15"]
[Round "1.13"]
[White "Schuster, Herbert"]
[Black "Siegmund, Rainer"]
[Result "0-1"]
[WhiteElo "1624"]
[BlackElo "1991"]
[PlyCount "132"]
[EventDate "2015.??.??"]
[WhiteTeam "SK Landshut"]
[BlackTeam "SV Dresden-Striesen"]

1. e4 c5 2. Nf3 Nc6 3. d4 cxd4 4. Nxd4 Nf6 5. Nc3 e5 6. Nxc6 bxc6 7. Bc4 Bb4 8.
O-O O-O 9. Bg5 h6 10. Bxf6 Qxf6 11. Qd3 Rd8 12. Rad1 d6 13. Ne2 Bc5 14. Qg3 Rb8
15. b3 Bb7 16. Kh1 d5 17. Bd3 dxe4 18. Bxe4 Rxd1 19. Rxd1 Bxf2 20. Qf3 Qxf3 21.
gxf3 g6 22. Kg2 Bb6 23. c4 f5 24. Bc2 Rd8 25. Rxd8+ Bxd8 26. Nc3 Be7 27. Nb1
Kf7 28. a3 a5 29. Kg3 Bd6 30. Kf2 Bc8 31. Bd3 Be6 32. Kg2 Kf6 33. h4 Ke7 34.
Bc2 Kd7 35. Bd3 Kc7 36. Bc2 Be7 37. Bd3 Kb6 38. Nc3 Bxa3 39. Na4+ Kc7 40. Bc2
Be7 41. Kg3 Bb4 42. Kf2 Kd6 43. Ke2 Bd7 44. Bd1 Bc5 45. Nb2 Bd4 46. Nd3 c5 47.
Ne1 e4 48. f4 Ke7 49. Ng2 Kf6 50. Kd2 Be8 51. Ke2 g5 52. Kd2 Bf2 53. hxg5+ hxg5
54. Bc2 Bc6 55. Ke2 Bd4 56. fxg5+ Kxg5 57. Bd1 f4 58. Kf1 f3 59. Ne1 Kf4 60.
Nc2 e3 61. Ne1 Be4 62. Be2 fxe2+ 63. Kxe2 Bc3 64. Nd3+ Bxd3+ 65. Kxd3 Kf3 66.
Kxc3 Kf2 0-1

[Event "27.Bayer.Senioren-EM2015"]
[Site "?"]
[Date "2015.06.15"]
[Round "1.14"]
[White "Stolpynskyy, Mark"]
[Black "Lubberich, Alfred"]
[Result "1/2-1/2"]
[WhiteElo "1968"]
[BlackElo "1616"]
[PlyCount "70"]
[EventDate "2015.??.??"]
[WhiteTeam "SW Nürnberg Süd"]
[BlackTeam "SG Nettetal"]

1. d4 Nf6 2. Nf3 d5 3. c4 c6 4. e3 e6 5. Nc3 Nbd7 6. Qc2 Bd6 7. Bd3 dxc4 8.
Bxc4 O-O 9. O-O Qc7 10. e4 e5 11. dxe5 Nxe5 12. Nxe5 Bxe5 13. h3 h6 14. Be3 Re8
15. Bd3 Bf4 16. Qd2 Bxe3 17. Qxe3 a6 18. Rfe1 Be6 19. Rac1 Rad8 20. Bb1 Qe7 21.
e5 Nd5 22. Qe4 g6 23. Nxd5 Bxd5 24. Qf4 Qg5 25. Qxg5 hxg5 26. Rc3 Kg7 27. Rg3
Kh6 28. Rge3 Be6 29. b3 Rd2 30. Rd3 Rd8 31. Rxd8 Rxd8 32. Kf1 Rd2 33. Rc1 Rd5
34. Re1 Rd2 35. Rc1 Rd5 1/2-1/2

[Event "27.Bayer.Senioren-EM2015"]
[Site "?"]
[Date "2015.06.15"]
[Round "1.15"]
[White "Riegler, Markus"]
[Black "Straub, Peter"]
[Result "0-1"]
[WhiteElo "1609"]
[BlackElo "1965"]
[PlyCount "72"]
[EventDate "2015.??.??"]
[WhiteTeam "SK Mannheim-Lindenhof"]
[BlackTeam "SK Mering"]

1. c4 Nf6 2. Nc3 e6 3. d4 Bb4 4. Qc2 c5 5. dxc5 Na6 6. a3 Qa5 7. Bd2 Nxc5 8.
Rb1 Bxc3 9. Bxc3 Qc7 10. Bxf6 gxf6 11. b4 Na6 12. Nf3 d6 13. e3 b6 14. Bd3 Bd7
15. O-O Rc8 16. Rbc1 Qb7 17. Qe2 Nc7 18. b5 e5 19. Nd2 f5 20. f3 O-O 21. Qf2
Ne8 22. Qh4 Ng7 23. g4 Qc7 24. gxf5 Qc5 25. Kf2 Bxf5 26. Bxf5 Qxe3+ 27. Kxe3
Nxf5+ 28. Kd3 Nxh4 29. Ne4 f5 30. Rg1+ Kh8 31. Nd2 Rg8 32. Ke3 Ng2+ 33. Kf2 Nf4
34. Rxg8+ Rxg8 35. Rh1 Rg2+ 36. Ke1 Nd3+ 0-1

[Event "27.Bayer.Senioren-EM2015"]
[Site "?"]
[Date "2015.06.15"]
[Round "1.16"]
[White "Isopp, Manfred"]
[Black "Malik, Heinz"]
[Result "1-0"]
[WhiteElo "1957"]
[BlackElo "1609"]
[PlyCount "101"]
[EventDate "2015.??.??"]
[WhiteTeam "SV Treffen"]
[BlackTeam "SK Großweil"]

1. e4 c6 2. d4 d5 3. exd5 cxd5 4. c4 Nf6 5. Nf3 Bg4 6. Be2 e6 7. O-O Nc6 8.
cxd5 Nxd5 9. Nc3 Be7 10. Nxd5 Qxd5 11. Be3 O-O 12. h3 Bh5 13. Qa4 Rac8 14. Rac1
a6 15. a3 Rfd8 16. Rfd1 h6 17. Rc3 Na7 18. Rdc1 Rxc3 19. Rxc3 Qd6 20. Qa5 Nb5
21. Bxb5 Bxf3 22. gxf3 axb5 23. Qxb5 Rb8 24. Qc5 Kf8 25. Qxd6 Bxd6 26. Kf1 Ke7
27. Ke2 Kd7 28. Kd3 Ra8 29. Rb3 Kc6 30. Rc3+ Kd7 31. b4 Ra6 32. Kc4 Rc6+ 33.
Kb3 Rxc3+ 34. Kxc3 b5 35. Kb3 Kc6 36. a4 bxa4+ 37. Kxa4 Kb7 38. Kb5 Be7 39. Kc4
Bd6 40. b5 Be7 41. d5 exd5+ 42. Kxd5 Bb4 43. Bc5 Bc3 44. Bd4 Be1 45. Bxg7 Bxf2
46. Bxh6 Kb6 47. Kc4 Bg3 48. Be3+ Kb7 49. Kd5 Bb8 50. h4 Bg3 51. h5 1-0

[Event "27.Bayer.Senioren-EM2015"]
[Site "?"]
[Date "2015.06.15"]
[Round "1.17"]
[White "Flockerzi, Armin"]
[Black "Walther, Reinhard"]
[Result "1/2-1/2"]
[WhiteElo "1605"]
[BlackElo "1942"]
[PlyCount "67"]
[EventDate "2015.??.??"]
[WhiteTeam "VfR-SC Koblenz"]
[BlackTeam "SK Herzogenaurach"]

1. d4 Nf6 2. Nf3 g6 3. g3 Bg7 4. Bg2 d5 5. Nbd2 O-O 6. O-O c6 7. b3 Bf5 8. Bb2
Na6 9. a3 Nc7 10. Re1 Ne4 11. Nh4 Nd6 12. c3 Be6 13. e4 dxe4 14. Nxe4 Nf5 15.
Nxf5 Bxf5 16. Nd2 Qd7 17. f4 Rad8 18. Nc4 f6 19. Ne3 Be6 20. c4 Bf7 21. Qd2
Rfe8 22. Rad1 e6 23. Bc3 Qc8 24. Qb2 f5 25. Rd2 Rd7 26. Red1 Red8 27. b4 Ne8
28. a4 b6 29. c5 bxc5 30. dxc5 Rxd2 31. Rxd2 Rxd2 32. Qxd2 Nf6 33. Qd3 Nd5 34.
Nxd5 1/2-1/2

[Event "27.Bayer.Senioren-EM2015"]
[Site "?"]
[Date "2015.06.15"]
[Round "1.18"]
[White "Kurka, Dieter"]
[Black "Lueders, Guenter"]
[Result "1-0"]
[WhiteElo "1931"]
[BlackElo "1603"]
[PlyCount "65"]
[EventDate "2015.??.??"]
[WhiteTeam "Kölner SK Dr. Lasker"]
[BlackTeam "TSV Benshausen"]

1. d4 d5 2. c4 e6 3. Nf3 Nf6 4. g3 b6 5. cxd5 exd5 6. Bg2 Bf5 7. O-O Nbd7 8.
Qa4 Bd6 9. Nc3 a6 10. Qc6 Be6 11. Ne5 O-O 12. Bf4 Rb8 13. Nxd5 Nxd5 14. Bxd5
Bxe5 15. Bxe6 Bxf4 16. Bxd7 Bd6 17. e4 b5 18. Bh3 Rb6 19. Qc2 Be7 20. Rad1 Rd6
21. d5 f6 22. Rc1 g6 23. Be6+ Kg7 24. Qxc7 Re8 25. Qa7 Qb6 26. Rc7 Qxa7 27.
Rxa7 g5 28. Rc1 Kf8 29. Rcc7 Rb6 30. Bd7 Reb8 31. Bf5 Re8 32. Bxh7 Bd6 33. Rf7#
1-0

[Event "27.Bayer.Senioren-EM2015"]
[Site "?"]
[Date "2015.06.15"]
[Round "1.19"]
[White "Breuer, Herbert"]
[Black "Strecker, Gerhard"]
[Result "0-1"]
[WhiteElo "1594"]
[BlackElo "1930"]
[PlyCount "90"]
[EventDate "2015.??.??"]
[WhiteTeam "SK Bad Aibling"]
[BlackTeam "SC Starnberg"]

1. Nf3 Nf6 2. g3 g6 3. Bg2 Bg7 4. d3 d5 5. O-O O-O 6. Nbd2 Nc6 7. a3 e5 8. h3
Qe7 9. Nh2 Be6 10. c3 Qd7 11. g4 Rae8 12. Nb3 b6 13. Bd2 a5 14. Be1 h6 15. Rc1
Nh7 16. e3 f5 17. f3 Qf7 18. d4 f4 19. Bf2 a4 20. Na1 Bd7 21. Nc2 Na5 22. Nb4
fxe3 23. Bxe3 Nc4 24. Bf2 Nxb2 25. Qc2 Nc4 26. Rcd1 exd4 27. cxd4 Bb5 28. f4 c6
29. Qc1 Qxf4 30. Qc3 Ne3 31. Bxe3 Qxe3+ 32. Qxe3 Rxe3 33. Rxf8+ Nxf8 34. Nf3
Ne6 35. Nc2 Rc3 36. Nfe1 Bf6 37. Rd2 Nf4 38. Kh2 Be7 39. h4 Bxh4 40. Nf3 Be7
41. Ne5 Bd6 42. Ne1 Rxa3 43. N1f3 Ne2 44. Bf1 Rxf3 45. Kg2 Rxf1 0-1

[Event "27.Bayer.Senioren-EM2015"]
[Site "?"]
[Date "2015.06.15"]
[Round "1.20"]
[White "Jagdhuber, Hans"]
[Black "Kunte, Herbert"]
[Result "1-0"]
[WhiteElo "1906"]
[BlackElo "1594"]
[PlyCount "81"]
[EventDate "2015.??.??"]
[WhiteTeam "SK Keres-Augsburg"]
[BlackTeam "SK Siemens München"]

1. Nf3 g6 2. g3 Bg7 3. Bg2 d6 4. c4 Nf6 5. O-O O-O 6. Nc3 e5 7. Rb1 c6 8. b4
Be6 9. d3 Qc7 10. Ng5 Bf5 11. a4 h6 12. Nf3 Nbd7 13. Nd2 Rfd8 14. Nb3 Nf8 15.
b5 a6 16. Bd2 axb5 17. axb5 Be6 18. Rc1 N8d7 19. Qc2 c5 20. Ra1 Nb6 21. Rxa8
Rxa8 22. Ra1 Rxa1+ 23. Nxa1 d5 24. cxd5 Nfxd5 25. Ne4 Nd7 26. Nb3 b6 27. Qa2 f5
28. Qa8+ Kh7 29. Ng5+ hxg5 30. Bxd5 Bxd5 31. Qxd5 f4 32. Bc3 Bf6 33. Nd2 Kg7
34. Nc4 Kf8 35. Qe6 Kg7 36. Nd6 Qd8 37. Ne8+ Kf8 38. Nxf6 Nxf6 39. Bxe5 Nd7 40.
Bd6+ Kg7 41. gxf4 1-0

[Event "27.Bayer.Senioren-EM2015"]
[Site "?"]
[Date "2015.06.15"]
[Round "1.21"]
[White "Kammel, Rudolf"]
[Black "Lehr, Thomas"]
[Result "0-1"]
[WhiteElo "1582"]
[BlackElo "1895"]
[PlyCount "56"]
[EventDate "2015.??.??"]
[WhiteTeam "SC Bavaria Regensb."]
[BlackTeam "Husumer SV"]

1. e4 Nf6 2. Nc3 d5 3. e5 Nfd7 4. d4 c5 5. Be3 cxd4 6. Bxd4 e6 7. f4 Nc6 8. Nf3
a6 9. Bd3 Nxd4 10. Nxd4 Bc5 11. Nce2 Qb6 12. c3 Qxb2 13. Bc2 Bxd4 14. cxd4 Qb4+
15. Kf2 f5 16. Qd3 Qe7 17. a4 O-O 18. h4 Nb8 19. g4 Nc6 20. g5 Bd7 21. Qf3 Rfc8
22. Bb3 Rc7 23. Rhd1 Rac8 24. Rd2 Qb4 25. Rad1 Na5 26. Rd3 Bxa4 27. Bxa4 Qxa4
28. Nc3 Qd7 0-1

[Event "27.Bayer.Senioren-EM2015"]
[Site "?"]
[Date "2015.06.15"]
[Round "1.22"]
[White "Glueck, Josef"]
[Black "Alefs, Heinz"]
[Result "1-0"]
[WhiteElo "1891"]
[BlackElo "1567"]
[PlyCount "51"]
[EventDate "2015.??.??"]
[WhiteTeam "SG Traunstein/Traunreut"]
[BlackTeam "SC Eichenau"]

1. Nf3 Nf6 2. c4 e6 3. g3 d5 4. Bg2 Be7 5. d4 O-O 6. O-O dxc4 7. Qc2 Nbd7 8.
Qxc4 Nb6 9. Qc2 c6 10. Rd1 Qc7 11. Nc3 Re8 12. e4 Bb4 13. Bf4 Qd8 14. h4 Nh5
15. Be3 Nc4 16. Bc1 Qc7 17. e5 g6 18. Ne4 Nb6 19. g4 Ng7 20. Nf6+ Kh8 21. Nxe8
Nxe8 22. h5 f5 23. hxg6 hxg6 24. Ng5 fxg4 25. Qxg6 Bd7 26. Nf7# 1-0

[Event "27.Bayer.Senioren-EM2015"]
[Site "?"]
[Date "2015.06.15"]
[Round "1.23"]
[White "Graw, Rolf"]
[Black "Maugg, Ludwig"]
[Result "0-1"]
[WhiteElo "1563"]
[BlackElo "1881"]
[PlyCount "68"]
[EventDate "2015.??.??"]
[WhiteTeam "VfR-SC Koblenz"]
[BlackTeam "SC Sonthofen"]

1. d4 Nf6 2. e3 g6 3. Nf3 Bg7 4. Be2 d6 5. h3 Nbd7 6. O-O O-O 7. c4 e5 8. Nc3
Re8 9. b4 e4 10. Nd2 c6 11. f3 exf3 12. Nxf3 Nf8 13. c5 d5 14. a4 a6 15. Bd3
Qc7 16. Qe1 Nh5 17. Qf2 f5 18. a5 h6 19. Bd2 Bd7 20. Rfe1 Re7 21. Ne2 g5 22.
Nh2 Rf7 23. Rf1 Be6 24. Be1 Re8 25. Ng3 Nxg3 26. Qxg3 f4 27. Qf2 fxe3 28. Qxe3
Bd7 29. Bh7+ Nxh7 30. Qd3 Rxf1+ 31. Nxf1 Qf4 32. Bf2 Bf5 33. Qc3 Re2 34. Qg3
Rxf2 0-1

[Event "27.Bayer.Senioren-EM2015"]
[Site "?"]
[Date "2015.06.15"]
[Round "1.24"]
[White "Kochseder, Georg"]
[Black "Laber, Dietrich"]
[Result "1-0"]
[WhiteElo "1871"]
[BlackElo "1561"]
[PlyCount "73"]
[EventDate "2015.??.??"]
[WhiteTeam "TV Hallstadt"]
[BlackTeam "SF Steinsfurt"]

1. d4 Nf6 2. c4 e6 3. Nf3 d5 4. e3 Nbd7 5. Nc3 c6 6. cxd5 exd5 7. Bd3 Bd6 8.
O-O O-O 9. h3 Re8 10. Re1 Ne4 11. Nd2 Ndf6 12. f3 Nxc3 13. bxc3 c5 14. Nf1 b6
15. Bd2 Qc7 16. e4 dxe4 17. fxe4 Bf4 18. e5 Bxd2 19. Nxd2 Nd5 20. Qf3 Be6 21.
Be4 Rad8 22. c4 Nb4 23. d5 Bc8 24. a3 Na6 25. d6 Qb8 26. Rab1 Be6 27. Rf1 Rf8
28. Bb7 Bc8 29. Bd5 Be6 30. Bxe6 fxe6 31. Qg4 Qc8 32. Ne4 Rxf1+ 33. Rxf1 Nb8
34. Rd1 Nc6 35. d7 Qb8 36. Qxe6+ Kh8 37. Qxc6 1-0